| 000 | 00402nam a2200145Ia 4500 | ||
|---|---|---|---|
| 008 | 210210b1981 xxu||||| |||| 00| 0 eng d | ||
| 082 | _a343.071 LEEC | ||
| 100 | _aLEELAKRISHNAN (P), Ed. | ||
| 245 | _aConsumer protection and legal control. | ||
| 260 |
_aLucknow _bEastern book co. _c1981 |
||
| 300 | _axiv,332 | ||
| 650 | _aConsumer protection Consumer law | ||
| 690 | _aPublic La | ||
| 906 | _a04313 | ||
| 999 |
_c92710 _d92710 |
||